000 01185cab a2200265 4500
001 WB3101-24
008 090401t1994 xxu||||| |||| 00| 0 eng d
035 _a(Sirsi) u61449
041 _aeng
245 _aElectricity from renewable sources to double
260 _c1994
350 _a0
490 _aFinancial Times
_v21 December 1994, 6
490 _aGuardian
_v21 December 1994, 6
490 _aNational Farmers Union News
_v21 December 1994, (5)
490 _aDepartment of Trade and Industry Press Notice
_v(P/94/782) 20 December 1994, (11)
520 _aThe latest round in the Non-fossil Fuel Obligation scheme approved 141 renewable projects in England and Wales and 30 in Scotland doubling the electricity to be generated from renewable sources. Farmers will be encouraged to grow trees on surplus farmland to provide fuel for wood-burning power stations. Graph illustrates the types of renewable energy projects in the UK.
650 _aCOPPICING
650 _aELECTRICITY GENERATION
650 _aNON-FOSSIL FUEL OBLIGATION
650 _aRENEWABLE ENERGY SOURCES
690 _aENVIRONMENTAL AND LAND CONSULTANCY-ENERGY
942 _n0
948 _c04/03/1997
999 _c38072
_d38072